| 000 | 00572nam a22001817a 4500 | ||
|---|---|---|---|
| 999 |
_c14923 _d14923 |
||
| 003 | AR-CdUCM | ||
| 008 | 190425b ||||| |||| 00| 0 spa d | ||
| 020 | _a84-241-1625-9 | ||
| 040 |
_aMUNICIPALIDAD PROVINCIAL DEL CUSCO _cBIBLIOTECA MUNICIPAL DEL CUSCO |
||
| 082 |
_aPI / 376.1 / _bC88 |
||
| 100 |
_aCruz Contarini, Rafael _933898 |
||
| 245 | _aDe la A a la Z con Don Quijote / | ||
| 260 |
_aLa Coruña : _bEverest, _c2005. |
||
| 300 |
_a33 páginas ; _bIlustraciones, _c21 cm. |
||
| 650 |
_aLiteratura infantil _9588 |
||
| 942 |
_2ddc _cLIBROS |
||
| 945 |
_aacv _d2019-04-25 |
||